| 000 | 00589cam a2200145 4500500 | ||
|---|---|---|---|
| 005 | 20260208005448.0 | ||
| 041 | _afre | ||
| 042 | _adc | ||
| 100 | 1 | 0 |
_aVidoni, Nicolas _eauthor |
| 245 | 0 | 0 | _aGaël Rideau, Pierre Serna (dir.), Ordonner et partager la Ville, xviie-xixe siècle, Rennes, Presses Universitaires de Rennes, Collection « Histoire », 2011, 224 p. |
| 260 | _c2013. | ||
| 500 | _a11 | ||
| 786 | 0 | _nRevue historique | 664 | 4 | 2013-01-02 | p. 937n-967n | 0035-3264 | |
| 856 | 4 | 1 | _uhttps://shs.cairn.info/revue-historique-2012-4-page-937n?lang=fr&redirect-ssocas=7080 |
| 999 |
_c1652258 _d1652258 |
||